[Event "NOR-ch Master"]
[Site "Larvik"]
[Date "2019.07.08"]
[Round "4"]
[White "Hole, Oystein"]
[Black "Gulbrandsen, Tor"]
[Result "1/2-1/2"]
[WhiteElo "2293"]
[BlackElo "2120"]
[PlyCount "38"]
[EventDate "2019.07.05"]
[EventType "swiss"]
[EventRounds "9"]
[EventCountry "NOR"]
[SourceTitle "EXT 2024"]
[Source "ChessBase"]
[SourceDate "2023.10.10"]
[SourceVersion "1"]
[SourceVersionDate "2023.10.10"]
[SourceQuality "1"]

1. Nf3 d5 2. d4 Nf6 3. c4 e6 4. Nc3 c6 5. Bg5 Nbd7 6. e3 Qa5 7. cxd5 exd5 8. Nd2 Bb4 9. Qc2 0-0 10. Bd3 h6 11. Bh4 Re8 12. 0-0 Be7 13. a3 Qd8 14. Bg3 Nf8 15. b4 b6 16. h3 Bd6 17. Bxd6 Qxd6 18. Nf3 N8d7 19. Rfd1 Bb7 1/2-1/2

[Event "NOR-ch Mester"]
[Site "Stavanger"]
[Date "2017.07.02"]
[Round "2"]
[White "Gulbrandsen, Tor"]
[Black "Kyrkjebo, Erlend"]
[Result "1-0"]
[WhiteElo "2042"]
[BlackElo "2085"]
[PlyCount "77"]
[EventDate "2017.07.01"]
[EventType "swiss"]
[EventRounds "9"]
[EventCountry "NOR"]
[SourceTitle "EXT 2018"]
[Source "ChessBase"]
[SourceDate "2017.10.13"]
[SourceVersion "1"]
[SourceVersionDate "2017.10.13"]
[SourceQuality "1"]

1. c4 c5 2. g3 g6 3. Bg2 Bg7 4. Nf3 Nc6 5. 0-0 e6 6. Nc3 Nge7 7. d3 0-0 8. Bg5 h6 9. Be3 d6 10. Rb1 Nf5 11. Bd2 Rb8 12. a3 b6 13. Re1 Bb7 14. b4 Ncd4 15. e3 Nxf3+ 16. Bxf3 Qd7 17. Bxb7 Rxb7 18. Qf3 Rd8 19. Red1 Qc8 20. Ne2 Rbd7 21. Bc3 Bxc3 22. Nxc3 cxb4 23. axb4 d5 24. Rdc1 d4 25. Ne4 Kg7 26. g4 dxe3 27. gxf5 exf5 28. Nc3 Rxd3 29. Nd5 exf2+ 30. Qxf2 h5 31. Qe2 Rh3 32. Qe5+ Kh6 33. Qf4+ Kg7 34. Re1 b5 35. Qe5+ Kh6 36. c5 Qe6 37. Qf4+ g5 38. Rxe6+ fxe6 39. Qe5 1-0

[Event "NOR-chB"]
[Site "Stavanger"]
[Date "2017.07.01"]
[Round "1"]
[White "Moen, Ole Christian"]
[Black "Gulbrandsen, Tor"]
[Result "1-0"]
[WhiteElo "2191"]
[BlackElo "2042"]
[PlyCount "69"]
[EventDate "2017.07.01"]
[EventType "swiss"]
[EventRounds "9"]
[EventCountry "NOR"]
[SourceTitle "CBM 179 Extra"]
[Source "ChessBase"]
[SourceDate "2017.08.23"]
[SourceVersion "1"]
[SourceVersionDate "2017.08.23"]
[SourceQuality "1"]

1. e4 e6 2. d4 d5 3. e5 c5 4. c3 Nc6 5. Nf3 Bd7 6. Na3 a6 7. Nc2 Rc8 8. Bd3 cxd4 9. Ncxd4 Nge7 10. 0-0 Ng6 11. Re1 Be7 12. g3 Qc7 13. Qe2 Bc5 14. h4 Bxd4 15. cxd4 Nb4 16. h5 Ne7 17. h6 g6 18. Bg5 Nxd3 19. Qxd3 Nc6 20. Rac1 0-0 21. Be7 Rfe8 22. Bc5 Qd8 23. Qe3 b6 24. Bd6 Na5 25. b3 Nb7 26. Ba3 f6 27. exf6 Qxf6 28. Ne5 Bb5 29. Ng4 Qf5 30. Rxc8 Rxc8 31. Qxe6+ Qxe6 32. Rxe6 Nd8 33. Re7 Bd3 34. Nf6+ Kh8 35. Rxh7# 1-0

[Event "Oslo op"]
[Site "Fornebu"]
[Date "2016.09.30"]
[Round "1"]
[White "Gulbrandsen, Tor"]
[Black "Shehzad, Alisha"]
[Result "1-0"]
[WhiteElo "2075"]
[BlackElo "1530"]
[PlyCount "89"]
[EventDate "2016.09.30"]
[EventType "swiss"]
[EventRounds "9"]
[EventCountry "NOR"]
[SourceTitle "EXT 2018"]
[Source "ChessBase"]
[SourceDate "2017.10.13"]
[SourceVersion "1"]
[SourceVersionDate "2017.10.13"]
[SourceQuality "1"]

1. e4 d5 2. exd5 Qxd5 3. Nf3 Nf6 4. d4 a6 5. c4 Qd6 6. Nc3 Nc6 7. Be2 h6 8. 0-0 Bf5 9. c5 Qd7 10. d5 Nb4 11. Ne5 Bc2 12. Nxd7 Bxd1 13. Nxf6+ exf6 14. Rxd1 Bxc5 15. Bf4 0-0-0 16. Rac1 a5 17. a3 Na6 18. Ne4 Bb6 19. Nd6+ Kb8 20. Nxf7 Rde8 21. Bxa6 Rhf8 22. Nd6 bxa6 23. Nxe8 Rxe8 24. Rc6 Kb7 25. Re6 Rd8 26. Re7 g5 27. Bxc7 Bxc7 28. d6 Kb6 29. Rxc7 h5 30. Rc3 f5 31. d7 Kb7 32. Rc5 f4 33. Rxg5 h4 34. Rxa5 Kc6 35. b4 Kb7 36. Rd6 Kc7 37. Raxa6 Rxd7 38. Rxd7+ Kxd7 39. b5 Kc7 40. a4 Kb7 41. Rh6 f3 42. a5 fxg2 43. Rh7+ Kb8 44. b6 Kc8 45. a6 1-0

[Event "Nordstrand CC-ch"]
[Site "Oslo"]
[Date "2015.05.07"]
[Round "11"]
[White "Gulbrandsen, Tor"]
[Black "Tryggestad, Andreas Garberg"]
[Result "0-1"]
[WhiteElo "2095"]
[BlackElo "2069"]
[PlyCount "138"]
[EventDate "2014.12.01"]
[EventType "tourn"]
[EventRounds "11"]
[EventCountry "NOR"]
[SourceTitle "EXT 2018"]
[Source "ChessBase"]
[SourceDate "2017.10.13"]
[SourceVersion "1"]
[SourceVersionDate "2017.10.13"]
[SourceQuality "1"]

1. e4 c5 2. c3 Nf6 3. e5 Nd5 4. d4 cxd4 5. Nf3 Nc6 6. Bc4 Nb6 7. Bb3 d6 8. exd6 Qxd6 9. 0-0 Be6 10. Na3 dxc3 11. Qe2 Bxb3 12. axb3 e6 13. Nb5 Qb8 14. bxc3 Be7 15. Qe4 Qc8 16. Bg5 0-0 17. Rfd1 a6 18. Bxe7 Nxe7 19. Nd6 Qxc3 20. Ng5 Ng6 21. Ndxf7 Qc6 22. Qd4 Rac8 23. Nd6 Nf4 24. Qe4 Qxe4 25. Ngxe4 Rc7 26. g3 Nfd5 27. Ng5 Rd7 28. Nc4 Re8 29. Nxb6 Nxb6 30. Rxd7 Nxd7 31. Rd1 Nf6 32. Rd6 e5 33. Rb6 Re7 34. Kf1 h6 35. Ne6 Ne4 36. Ke2 Rd7 37. Kf3 Nd2+ 38. Ke2 Nb1 39. Nc5 Nc3+ 40. Kf3 Rd5 41. Nxb7 e4+ 42. Kg2 Rd2 43. Re6 Nd1 44. Rxe4 Nxf2 45. Ra4 Ng4+ 46. Kf3 Nxh2+ 47. Ke3 Nf1+ 48. Kf3 Rd3+ 49. Ke2 Rxb3 50. Kxf1 Rxb7 51. Rxa6 Rb2 52. Ra7 Kh7 53. Rc7 Kg6 54. Ra7 h5 55. Rc7 Kf6 56. Ra7 g6 57. Ra5 Rd2 58. Rb5 Ke6 59. Rg5 Kf6 60. Ra5 Rh2 61. Kg1 Re2 62. Kf1 Re5 63. Ra6+ Kf5 64. Kf2 Rb5 65. Rc6 g5 66. Rc3 Kg4 67. Rc4+ Kh3 68. Rc3 g4 69. Rc2 Rf5+ 0-1

[Event "Nordstrand CC-ch"]
[Site "Oslo"]
[Date "2015.03.26"]
[Round "8"]
[White "Gulbrandsen, Tor"]
[Black "Dyrnes, Jussi"]
[Result "1-0"]
[WhiteElo "2095"]
[BlackElo "1823"]
[PlyCount "77"]
[EventDate "2014.12.01"]
[EventType "tourn"]
[EventRounds "11"]
[EventCountry "NOR"]
[SourceTitle "EXT 2018"]
[Source "ChessBase"]
[SourceDate "2017.10.13"]
[SourceVersion "1"]
[SourceVersionDate "2017.10.13"]
[SourceQuality "1"]

1. c4 e5 2. g3 Bc5 3. Bg2 f5 4. Nc3 c6 5. d3 Nf6 6. Rb1 a5 7. a3 Na6 8. Nf3 d6 9. 0-0 0-0 10. e3 Rb8 11. d4 e4 12. Nd2 Ba7 13. b4 axb4 14. axb4 c5 15. bxc5 dxc5 16. d5 Bd7 17. f3 exf3 18. Nxf3 Qe8 19. Nh4 Ng4 20. e4 fxe4 21. Bxe4 Rxf1+ 22. Qxf1 Qe5 23. Qd3 Nf6 24. Bf4 Qe8 25. Bxb8 Bxb8 26. Bg2 Nb4 27. Qe2 Be5 28. Ne4 Ng4 29. Nf3 Bb8 30. Re1 Qg6 31. Ra1 Na6 32. Rd1 Qh6 33. Re1 Be5 34. h3 Bd4+ 35. Nxd4 cxd4 36. hxg4 Qg6 37. Nf2 Nc5 38. Be4 Qd6 39. Kg2 1-0

[Event "Nordstrand CC-ch"]
[Site "Oslo"]
[Date "2015.03.19"]
[Round "7"]
[White "Nordquelle, Daniel"]
[Black "Gulbrandsen, Tor"]
[Result "1/2-1/2"]
[WhiteElo "1847"]
[BlackElo "2095"]
[PlyCount "148"]
[EventDate "2014.12.01"]
[EventType "tourn"]
[EventRounds "11"]
[EventCountry "NOR"]
[SourceTitle "EXT 2018"]
[Source "ChessBase"]
[SourceDate "2017.10.13"]
[SourceVersion "1"]
[SourceVersionDate "2017.10.13"]
[SourceQuality "1"]

1. e4 e6 2. d4 d5 3. Nc3 Nf6 4. Bg5 Bb4 5. e5 h6 6. Bc1 Ne4 7. Nge2 c5 8. a3 cxd4 9. axb4 dxc3 10. Nxc3 Nxc3 11. bxc3 Qc7 12. Qd4 0-0 13. Bf4 Nc6 14. Qe3 d4 15. Qg3 dxc3 16. Qxc3 Qb6 17. b5 Qd4 18. Qxd4 Nxd4 19. Bd3 Bd7 20. Be3 Nxb5 21. Bxb5 Bxb5 22. Rxa7 Rxa7 23. Bxa7 Rd8 24. Be3 Ba4 25. Ke2 Bxc2 26. Rc1 Be4 27. f3 Bd5 28. Bb6 Ra8 29. Rc2 Ra3 30. Rb2 Kh7 31. Kf2 Kg6 32. Bd4 h5 33. Kg3 Rd3 34. Rb4 Kf5 35. Bb2 g5 36. h3 h4+ 37. Kf2 Rd2+ 38. Kg1 Rc2 39. Bd4 Rc4 40. Rxc4 Bxc4 41. Kf2 b5 42. Bc3 Bd3 43. Ke3 Bf1 44. Kf2 Bc4 45. Ke3 Kg6 46. Kf2 Kg7 47. Ke1 Kg6 48. Kf2 Kf5 49. Ke3 Ba2 50. Kf2 Kf4 51. Bd4 b4 52. Bc5 b3 53. Bd4 Bb1 54. Bc3 Bd3 55. Bb2 Bc4 56. Bd4 Kf5 57. Ke3 Kg6 58. Bb2 Kg7 59. Kf2 Kf8 60. f4 gxf4 61. Kf3 Bd5+ 62. Kxf4 Bxg2 63. Kg4 Ke8 64. Kxh4 Kd7 65. Kg4 Kc6 66. h4 Kd5 67. Kg5 Kc4 68. h5 Kd3 69. Kf6 Kc2 70. Ba3 b2 71. Bxb2 Kxb2 72. Kxf7 Bh3 73. h6 Bf5 74. h7 Bxh7 1/2-1/2

[Event "Nordstrand CC-ch"]
[Site "Oslo"]
[Date "2015.02.26"]
[Round "5"]
[White "Barstad, Thoralf"]
[Black "Gulbrandsen, Tor"]
[Result "0-1"]
[WhiteElo "1827"]
[BlackElo "2095"]
[PlyCount "64"]
[EventDate "2014.12.01"]
[EventType "tourn"]
[EventRounds "11"]
[EventCountry "NOR"]
[SourceTitle "EXT 2018"]
[Source "ChessBase"]
[SourceDate "2017.10.13"]
[SourceVersion "1"]
[SourceVersionDate "2017.10.13"]
[SourceQuality "1"]

1. e4 e6 2. d4 d5 3. e5 c5 4. c3 Nc6 5. Nf3 Bd7 6. Be2 Nge7 7. 0-0 Ng6 8. Be3 Be7 9. Nbd2 0-0 10. Kh1 cxd4 11. cxd4 a5 12. a4 f6 13. exf6 Bxf6 14. Bb5 Nb4 15. Bxd7 Qxd7 16. Nb3 b6 17. Bd2 Be7 18. Bc3 Rae8 19. Nc1 Bd6 20. Nd3 Nxd3 21. Qxd3 Nf4 22. Qb5 Qf7 23. Ne5 Qf5 24. Rae1 Bxe5 25. Rxe5 Qg6 26. Rg1 Nd3 27. Rf1 Nxf2+ 28. Kg1 Nh3+ 29. Kh1 Rxf1+ 30. Qxf1 Rf8 31. Qxf8+ Kxf8 32. gxh3 Ke7 0-1

[Event "Vienna op 18th"]
[Site "Vienna"]
[Date "2013.08.17"]
[Round "1"]
[White "Drozdowski, Kacper"]
[Black "Gulbrandsen, Tor"]
[Result "1-0"]
[WhiteElo "2437"]
[BlackElo "2090"]
[PlyCount "69"]
[EventDate "2013.08.17"]
[EventType "swiss"]
[EventRounds "9"]
[EventCountry "AUT"]
[SourceTitle "CBM 156 Extra"]
[Source "ChessBase"]
[SourceDate "2013.10.22"]
[SourceVersion "1"]
[SourceVersionDate "2013.10.22"]
[SourceQuality "1"]

1. e4 e6 2. d4 d5 3. Nd2 Nf6 4. e5 Nfd7 5. Bd3 c5 6. c3 Nc6 7. Ngf3 Qb6 8. 0-0 cxd4 9. cxd4 Nxd4 10. Nxd4 Qxd4 11. Nf3 Qb6 12. Qa4 Qb4 13. Qc2 Qc5 14. Qe2 Be7 15. Be3 Qa5 16. Qc2 h6 17. a3 0-0 18. b4 Qd8 19. Qd2 Re8 20. Rac1 Nf8 21. Nd4 Bd7 22. f4 Rc8 23. Rcd1 f5 24. h3 a5 25. g4 fxg4 26. hxg4 axb4 27. axb4 Qc7 28. Qh2 Bxb4 29. g5 hxg5 30. fxg5 Bc5 31. Bh7+ Nxh7 32. g6 Nf6 33. Rxf6 gxf6 34. Qh7+ Kf8 35. Qf7# 1-0

[Event "Pula op 25th"]
[Site "Pula"]
[Date "2011.06.21"]
[Round "4"]
[White "Gulbrandsen, Tor"]
[Black "Frank, Paul"]
[Result "1/2-1/2"]
[WhiteElo "2097"]
[BlackElo "2295"]
[PlyCount "79"]
[EventDate "2011.06.18"]
[EventType "swiss"]
[EventRounds "9"]
[EventCountry "CRO"]
[SourceTitle "CBM 143 Extra"]
[Source "ChessBase"]
[SourceDate "2011.08.29"]
[SourceVersion "1"]
[SourceVersionDate "2011.08.29"]
[SourceQuality "1"]

1. e4 c5 2. c3 g6 3. d4 cxd4 4. Qxd4 Nf6 5. e5 Nc6 6. Qf4 Nd5 7. Qe4 Nc7 8. Nf3 Bg7 9. Bc4 0-0 10. 0-0 b5 11. Bb3 Bb7 12. Bg5 Ne6 13. Na3 Rb8 14. Qh4 Nxg5 15. Nxg5 h6 16. Nf3 Na5 17. Bc2 Bxf3 18. gxf3 Bxe5 19. Rfe1 Qc7 20. Re4 d5 21. Rg4 Bg7 22. Kh1 Rb6 23. Rag1 Kh7 24. Nxb5 Qe5 25. f4 Qe2 26. Na3 f5 27. R4g2 d4 28. b4 Nb7 29. cxd4 Bxd4 30. Bd1 Qxa2 31. Qxe7+ Qf7 32. Qxf7+ Rxf7 33. Bb3 Re7 34. Nc2 Bc3 35. Ne3 Rxb4 36. Nd5 Rg7 37. Nxb4 Bxb4 38. Be6 Nd6 39. h4 h5 40. f3 1/2-1/2

[Event "NOR-chT 1011"]
[Site "Oslo"]
[Date "2010.11.05"]
[Round "1"]
[White "Guttulsrud, Odd Martin"]
[Black "Gulbrandsen, Tor"]
[Result "1-0"]
[WhiteElo "2110"]
[BlackElo "2095"]
[PlyCount "73"]
[EventDate "2010.11.05"]
[EventType "team-tourn"]
[EventRounds "9"]
[EventCountry "NOR"]
[SourceTitle "EXT 2011"]
[Source "ChessBase"]
[SourceDate "2010.11.26"]
[SourceVersion "1"]
[SourceVersionDate "2010.11.26"]
[SourceQuality "1"]
[WhiteTeam "Oslo SK 1911"]
[BlackTeam "Nordstrand"]
[WhiteTeamCountry "NOR"]
[BlackTeamCountry "NOR"]

1. e4 e6 2. d4 d5 3. Nd2 Nf6 4. e5 Nfd7 5. Bd3 c5 6. c3 Nc6 7. Ne2 cxd4 8. cxd4 Qb6 9. Nf3 Bb4+ 10. Bd2 Bxd2+ 11. Qxd2 Qb4 12. Qxb4 Nxb4 13. Bb1 Nb6 14. a3 Nc6 15. b3 Bd7 16. Kd2 Rc8 17. Rc1 Ke7 18. Ne1 f6 19. f4 Be8 20. Ke3 Bh5 21. Nc3 Rhd8 22. Nd3 Bg6 23. Nb5 fxe5 24. fxe5 Nd7 25. Nd6 Rb8 26. b4 Nb6 27. Ba2 Nc8 28. Nxb7 Rxb7 29. Rxc6 Bxd3 30. Kxd3 Rf8 31. Rac1 Kd7 32. Bb3 Nb6 33. Rd6+ Ke7 34. Ke3 Nc8 35. Rdc6 Kd7 36. Ba4 Nb6 37. Rxb6+ 1-0

[Event "NOR-chT Clubs"]
[Site "Oslo"]
[Date "2008.05.02"]
[Round "2"]
[White "Gulbrandsen, Tor"]
[Black "Gvein, Kenneth"]
[Result "1-0"]
[WhiteElo "1948"]
[BlackElo "2196"]
[PlyCount "107"]
[EventDate "2008.05.01"]
[EventType "team-swiss"]
[EventRounds "6"]
[EventCountry "NOR"]
[SourceTitle "EXT 2010"]
[Source "ChessBase"]
[SourceDate "2010.11.25"]
[SourceVersion "1"]
[SourceVersionDate "2010.11.25"]
[SourceQuality "1"]

1. e4 c5 2. c3 Nf6 3. e5 Nd5 4. Nf3 d6 5. exd6 e6 6. d4 cxd4 7. Nxd4 Bxd6 8. Nd2 a6 9. Ne4 Be7 10. Bd3 e5 11. Nb3 Nc6 12. 0-0 Nf6 13. Be3 Ng4 14. Bc5 Bxc5 15. Nbxc5 Qe7 16. Be2 Nh6 17. Nd6+ Kf8 18. Bf3 Nf5 19. Nxf5 Bxf5 20. b4 Rd8 21. Qe2 a5 22. Rad1 axb4 23. Nxb7 Rxd1 24. Rxd1 e4 25. Qb5 g6 26. Qxc6 exf3 27. cxb4 fxg2 28. Qc3 f6 29. Qc5 Qxc5 30. Nxc5 Ke7 31. Kxg2 Ra8 32. a4 Rb8 33. Rd4 Bc8 34. Kf3 f5 35. Kf4 Kf6 36. h4 h6 37. Rd6+ Ke7 38. Rd4 Kf6 39. Rd6+ Ke7 40. Rd4 Kf6 41. b5 g5+ 42. hxg5+ hxg5+ 43. Ke3 Ke5 44. Rd8 f4+ 45. Kd2 Kf5 46. Rf8+ Kg4 47. Nd7 Rxb5 48. axb5 Bxd7 49. b6 Bc6 50. Rc8 Be4 51. Rc7 Kf3 52. Ke1 g4 53. b7 g3 54. fxg3 1-0

[Event "NOR-chT2"]
[Site "Oslo"]
[Date "2006.06.10"]
[Round "4"]
[White "Gulbrandsen, Tor"]
[Black "Aarland, Stein Arild"]
[Result "0-1"]
[WhiteElo "2141"]
[BlackElo "2272"]
[PlyCount "58"]
[EventDate "2006.06.07"]
[EventType "team"]
[EventRounds "5"]
[EventCountry "NOR"]
[SourceTitle "CBM 112 Extra"]
[Source "ChessBase"]
[SourceDate "2006.07.14"]
[SourceVersion "1"]
[SourceVersionDate "2006.07.14"]
[SourceQuality "1"]

1. e4 g6 2. d4 Bg7 3. Nf3 c5 4. c3 cxd4 5. cxd4 d5 6. e5 Nc6 7. h3 f6 8. Bb5 Bd7 9. Qe2 a6 10. Bxc6 Bxc6 11. 0-0 Bb5 12. Qc2 Bxf1 13. Kxf1 fxe5 14. dxe5 Rc8 15. Qd1 e6 16. Nc3 Qd7 17. Na4 Nh6 18. Kg1 Rc7 19. Be3 0-0 20. Bc5 Rxf3 21. gxf3 Bxe5 22. Rc1 Nf5 23. b4 Qd8 24. Rc4 b5 25. Re4 Qf6 26. f4 dxe4 27. fxe5 Qg5+ 28. Kf1 bxa4 29. Qxa4 Qc1+ 0-1

[Event "NOR-chT2"]
[Site "Oslo"]
[Date "2006.06.08"]
[Round "2"]
[White "Gulbrandsen, Tor"]
[Black "Hoem, Tor Wetle"]
[Result "1-0"]
[WhiteElo "2141"]
[BlackElo "2002"]
[PlyCount "39"]
[EventDate "2006.06.07"]
[EventType "team"]
[EventRounds "5"]
[EventCountry "NOR"]
[SourceTitle "CBM 112 Extra"]
[Source "ChessBase"]
[SourceDate "2006.07.14"]
[SourceVersion "1"]
[SourceVersionDate "2006.07.14"]
[SourceQuality "1"]

1. e4 c5 2. c3 d5 3. exd5 Qxd5 4. d4 Nf6 5. Nf3 Bg4 6. Be2 Nbd7 7. h3 Bh5 8. 0-0 e6 9. Be3 c4 10. Nbd2 b5 11. b3 Nb6 12. a4 a6 13. a5 Nbd7 14. bxc4 bxc4 15. Nxc4 Ne4 16. Rc1 Be7 17. Nb6 Nxb6 18. axb6 Qc6 19. Ne5 Bxe2 20. Nxc6 1-0

[Event "Molde"]
[Site "Molde"]
[Date "2004.07.07"]
[Round "6"]
[White "Martinsen, Stig K"]
[Black "Gulbrandsen, Tor"]
[Result "1/2-1/2"]
[WhiteElo "2107"]
[BlackElo "1997"]
[PlyCount "70"]
[EventDate "2004.07.03"]
[EventType "swiss"]
[EventRounds "8"]
[EventCountry "NOR"]
[SourceTitle "EXT 2008"]
[Source "ChessBase"]
[SourceDate "2007.11.25"]
[SourceVersion "1"]
[SourceVersionDate "2007.11.25"]
[SourceQuality "1"]

1. d4 Nf6 2. Bg5 d5 3. Bxf6 gxf6 4. e3 c5 5. dxc5 e5 6. c4 d4 7. exd4 exd4 8. Bd3 Nc6 9. Ne2 Rg8 10. 0-0 Bg4 11. f3 Be6 12. f4 Bxc5 13. a3 a5 14. Ng3 Qc7 15. Qh5 Be7 16. Nd2 0-0-0 17. Nf5 Kb8 18. Rae1 Rde8 19. Ne4 Bxf5 20. Qxf5 Qc8 21. Ng3 Qc7 22. Qd5 Bd6 23. Nh5 Rxe1 24. Rxe1 Bxf4 25. Nxf4 Qxf4 26. Qxf7 Rg5 27. Qxh7 Qd2 28. Re2 Qc1+ 29. Kf2 Ne5 30. Be4 Qf4+ 31. Ke1 Qc1+ 32. Kf2 Ng4+ 33. Kg3 Nh6+ 34. Kf2 Qf4+ 35. Ke1 Qc1+ 1/2-1/2